| 000 | 00654nam a2200241 a 4500 | ||
|---|---|---|---|
| 999 |
_c687 _d687 |
||
| 008 | 191014s2011 ii a|||g |||| 001 0 eng d | ||
| 020 |
_a9788131514856 _cRs. 795.00 |
||
| 040 |
_aKO _beng |
||
| 041 | 0 | _aeng | |
| 044 | _aii | ||
| 082 | 0 | 4 |
_223 _a543 _bK38 |
| 100 | 1 | _aKennedy, John H. | |
| 245 | 1 | 0 |
_aAnalytical Chemistry : _bPrinciples / _cJohn H. Kennedy |
| 250 | _a2nd ed. | ||
| 260 |
_aNew Delhi : _bCengage Learning India Private Limited, _c2011 |
||
| 300 |
_axvi, 936 p. ; _c24 cm. |
||
| 504 | _aIncludes index. | ||
| 650 | 0 |
_aChemistry _vTextbooks |
|
| 650 | 0 |
_aChemistry, Analytic _vTextbooks |
|
| 904 | _aS_JOY | ||
| 942 | _cBK | ||